Entlehnungen aus einer bisher unbekannten indogermanischen Sprache im Urslavischen und Urbaltischen /

Hlavní autor: Holzer, Georg, 1957-
Jazyk: Němčina
Vydáno: Wien : Verlag der Österreichischen Akademie der Wissenschaften, 1989
Edice: Sitzungsberichte / Österreichische Akademie der Wissenschaften, Philosophisch-historische Klasse ; Bd. 521
Témata:
Fyzický popis: 231 s. ; 24 cm
Knihy
Uloženo v:
LEADER 01287nam a22002892a 4500
001 000821413
003 CZ BrMZK
005 20150525171106.0
007 ta
008 060710s1989 au er|||||||||||ger d
020 |a 3-7001-15520  |q (brož.) 
040 |a ABA001  |b cze  |c ABA001  |d BOA001 
080 9 |a 808.8-022-316.3:809.1-022(048.8)=30 
080 9 |a 808.1-022-316.3:809.1-022(048.8)=30 
100 1 |a Holzer, Georg,  |d 1957-  |7 mzk2015872908  |4 aut 
245 1 0 |a Entlehnungen aus einer bisher unbekannten indogermanischen Sprache im Urslavischen und Urbaltischen /  |c Georg Holzer 
260 |a Wien :  |b Verlag der Österreichischen Akademie der Wissenschaften,  |c 1989 
300 |a 231 s. ;  |c 24 cm 
490 1 |a Sitzungsberichte / Österreichische Akademie der Wissenschaften, Philosophisch-historische Klasse ;  |v Bd. 521 
504 |a Obsahuje bibliografii 
810 2 |a Österreichische Akademie der Wissenschaften.  |b Philosophisch-historische Klasse.  |t Sitzungsberichte  |0 s 
910 |a BOA001  |b 2-0951.147 
964 |a Jazyky praslovanské - jazyky indogermánské - slova přejatá 
964 |a Jazyky prabaltské - jazyky indogermánské - slova přejatá 
990 |a BK 
991 |b 200607 
996 7 |b 2619249223  |c 2-0951.147  |l MZK  |r Sklad / do 1 hodiny  |n 7  |w 000821413  |u 000010  |a 1  |e BOA001  |j MZK50  |s A